| 000 | 00778nam a2200253Ia 4500 | ||
|---|---|---|---|
| 003 | OSt | ||
| 005 | 20220923222230.0 | ||
| 006 | a|||||r|||| 00| 0 | ||
| 007 | ta | ||
| 008 | Pun | ||
| 024 | _a203,877 | ||
| 037 | _cTextual | ||
| 040 |
_aARTS _cARTS _bPun |
||
| 041 |
_2Pun _aPun |
||
| 082 | _aO153,3N17x, 152J9 | ||
| 100 | _aदुग्गल, कर्तार सिंह | ||
| 245 | 0 | _aकहानी कैसे बनी? | |
| 246 | _aKahānī kaise banī | ||
| 260 |
_aकाशी _b भारतीय ज्ञानपीठ _c1959 |
||
| 300 |
_a206पृ0 _ccm. |
||
| 650 | _aपंजाबी निबंध | ||
| 942 |
_hO153,3N17x, 152J9 _cTEXL _2CC |
||
| 999 |
_c354627 _d354627 |
||